Overcompensate - Twenty Øne Piløts - Full Lyrics - Statistics

General Stats
  • This quiz has been taken 307 times
  • The average score is 305 of 375
Answer Stats
Answer % Correct
a
99%
I
99%
my
98%
to
98%
To
98%
overcompensate
97%
the
97%
The
97%
Do
96%
don't
96%
Don't
96%
so
95%
So
95%
by
94%
dangerous
94%
fly
94%
hesitate
94%
maybe
94%
in
93%
In
93%
who
93%
feel
92%
symbol
92%
you
91%
your
88%
bend
87%
Adidas
86%
for
86%
if
86%
If
86%
am
84%
jacket
84%
like
84%
some
84%
this
84%
want
84%
and
83%
And
83%
control
83%
created
83%
see,
83%
what?
83%
What?
83%
what?)
83%
world
83%
on
82%
time
82%
track
81%
Wait,
81%
(Wait,
81%
can't
80%
Clancy,
80%
Folina
80%
back
78%
it
78%
peripheral
78%
Sahlo
78%
too
78%
Trench
78%
was
78%
Welcome
78%
Dun,
76%
eyes
76%
Josh
76%
short
76%
sing
76%
son
76%
soul,
76%
way
76%
Way
76%
asleep
75%
catch
75%
Destroy
75%
ear
75%
fall
75%
here,
75%
or
75%
react,
75%
twice
75%
with
74%
born
73%
boy
73%
right
73%
sleep
73%
stripes,
73%
three
73%
just
72%
Bless
71%
corazón
71%
holes
71%
of
71%
perfect
71%
but
70%
Days
70%
days
70%
same
70%
hundred
69%
now
69%
front
68%
need
68%
said
68%
then
68%
Then
68%
dead
67%
longer,
67%
acting
66%
alive
66%
wanted
66%
Originated
65%
prodigal
65%
Where
65%
won't
65%
any
64%
while
64%
Get
63%
kicked
63%
self
63%
them
63%
Earned
62%
night,
62%
years
62%
from?
61%
Gobsmacked,
61%
length
61%
seem
61%
up
61%
curb
60%
former
60%
overtake
60%
sake
60%
tracks
60%
goodness'
59%
Half
59%
half
59%
masses
58%
serve,
58%
come
57%
full,
57%
taxes
57%
empty,
55%
pick
55%
twitchin'
55%
save
54%
Mm,
52%
passin'
52%
running,
52%
classes
50%
Done
50%
bow
45%
No matching quizzes found
Score Distribution
Percent of People with Each Score
Percentile by Number Answered
Your Score History
You have not taken this quiz